Le premier album des rappeurs francophones – Mort subite - Statistiques

Statistiques générales
  • Ce quiz a été pris 97 fois
  • Le résultat moyen est 3 sur 12
Answers on the Grid
Answers color-coded by a green-red scale on the quiz's grid according to % correct below.
Josman - Échecs positifs
Josman - Matrix
Dinos - L'alchimiste
Dinos - Imany
Favé - IL LE FALLAIT
Gazo - DRILL FR
Gazo - La Cour des Grands
Guy2Bezbar - Mixtape
Guy2Bezbar - AMBITION
Hamza - H-24
Hamza - Zombie Life
Hamza - Santa Sauce
Jok'air - Big Daddy Jok
Jok'air - Je suis Big Daddy
Jul - Dans ma paranoïa
Jul - Jul
Jul - Album gratuit
Ninho - M.I.L.S
Ninho - Comme prévu
PLK - Ténébreux
PLK - Platinum
PNL - Que la famille
PNL - Le monde Chico
SDM - OCHO
 
Statistiques - réponses
Réponse % Correct
Gazo - DRILL FR
49%
Ninho - M.I.L.S
47%
SDM - OCHO
41%
Jul - Dans ma paranoïa
39%
PNL - Que la famille
39%
PLK - Ténébreux
36%
Hamza - H-24
19%
Favé - IL LE FALLAIT
15%
Dinos - L'alchimiste
14%
Jok'air - Big Daddy Jok
12%
Guy2Bezbar - Mixtape
10%
Josman - Échecs positifs
10%
Aucun quiz correspondant
Distribution des résultats
% des personnes avec chaque résultat
Percentile par nombre de réponses
Votre historique - résultats
Vous n’avez pas pris ce quiz